• 首页
  • 本馆介绍
  • 公告通知
  • 最新文献
  • 馆藏检索
  • 电子资源
  • 读者导购
  • 参考咨询
  • 我的图书馆
  • 登录
  • 详细信息显示
  • 放入我的书架
  • 预约/预借图书
  • 作者相关作品
  • 分类相关作品
  • 丛书相关作品
  • 出版社相关作品

书目信息

  • 表格格式
  • 工作单格式
  • 卡片格式
题名:
瑜伽之树
    
 
作者: 艾扬格 著 ;余丽娜 译
分册:  
出版信息: 北京   当代中国出版社  2017.09
页数: 13,190页
开本: 21cm
丛书名: 艾扬格瑜伽经典作品
单 册:
中图分类: R793.51
科图分类:
主题词: 瑜伽--基本知识
电子资源:
ISBN: 978-7-5154-0802-6
000 01155oam2 2200301 450
001 0120172312611
005 20180905154313.78
010    @a978-7-5154-0802-6@dCNY30.00
100    @a20171020d2017 em y0chiy50 ea
101 1  @achi@cinc
102    @aCN@b110000
105    @aa z 000yy
106    @ar
200 1  @a瑜伽之树@9yu jia zhi shu@dThe tree of Yoga@f(印)B. K. S.艾扬格(B. K. S. Iyengar)著@g余丽娜译@zeng
205    @a2版
210    @a北京@c当代中国出版社@d2017.09
215    @a13,190页@c图@d21cm
225 2  @a艾扬格瑜伽经典作品
330    @a本书是B.K.S.艾扬格在欧洲各国的演讲结集,书中介绍了瑜伽的基本知识,能让人较快地了解印度瑜伽修行的梗概,感受这位瑜伽大师的学思历程,体会作者一生练习与教学的心得。不论你是瑜伽的门外汉,还是已有瑜伽基础,想再深一层地探索这门整体学问,这本小书都能起来指导作用。
333    @a瑜伽爱好者
461  0 @12001 @a艾扬格瑜伽经典作品
510 1  @aTree of Yoga@zeng
606 0  @a瑜伽@x基本知识
690    @aR793.51@v5
701  0 @c(印)@a艾扬格@9ai yang ge@c(Iyengar, B.K.S.@f1918-)@4著
702  0 @a余丽娜@9yu li na@4译
801  0 @aCN@b人天书店@c20171020
905    @b1091229-33@dR793.51@e12=2@f5
    
    瑜伽之树=The tree of Yoga/(印)B. K. S.艾扬格(B. K. S. Iyengar)著/余丽娜译.-2版.-北京:当代中国出版社,2017.09
    13,190页:图;21cm.-(艾扬格瑜伽经典作品)
    使用对象:瑜伽爱好者
    
    ISBN 978-7-5154-0802-6:CNY30.00
    本书是B.K.S.艾扬格在欧洲各国的演讲结集,书中介绍了瑜伽的基本知识,能让人较快地了解印度瑜伽修行的梗概,感受这位瑜伽大师的学思历程,体会作者一生练习与教学的心得。不论你是瑜伽的门外汉,还是已有瑜伽基础,想再深一层地探索这门整体学问,这本小书都能起来指导作用。
●
相关链接 在E读中查询图书 在五车中查询图书 在当当中查询图书 在豆瓣中查询图书


正题名:瑜伽之树     索取号:R793.51/12=2         预约/预借

序号 登录号 条形码 馆藏地/架位号 状态 备注
1 1091229   210912299   第二样本阅览室/ [索取号:R793.51/12=2] 在馆    
2 1091230   210912306   教育系资料室/ [索取号:R793.51/12=2] 在馆    
3 1091231   210912315   教育系资料室/ [索取号:R793.51/12=2] 在馆    
4 1091232   210912324   第三借阅区/ [索取号:R793.51/12=2] 在馆    
5 1091233   210912333   第三借阅区/ [索取号:R793.51/12=2] 在馆    
唐山师范学院图书馆 欢迎您!
大连网信软件有限公司© 版权所有